000 00345nam a2200145Ia 4500
003 OSt
005 20240311102326.0
008 170523s9999 xx 000 0 und d
020 _a978-8120328488
040 _cIIMT UNIVERSITY MEERUT
100 _aVarghese- P.C.
245 0 _aBuilding Materials
260 _aNew Delhi : PHI
942 _2ddc
_c02
999 _c11690
_d11690